Top 10 polskich strzelców. (reprezentacja) - Statystyki

Ogólne statystyki
  • Ten quiz został rozwiązany 269 razy
  • Średni wynik to 6 z 10
Statystyki odpowiedzi
Liczba bramek Piłkarz % Poprawnych
83 Lewandowski
100%
42 Lato
85%
24 Boniek
81%
33 Deyna
76%
20 Smolarek
59%
45 Lubański
56%
28 Szarmach
43%
21 Wilimowski
22%
30 Pohl
21%
29 Cieślik
14%
Nie znaleziono quizów pasujących do podanych kryteriów
Rozkład punktacji
Procent ludzi z każdym wynikiem
Percentyl według liczby udzielonych odpowiedzi
Twoja historia wyników
Nie rozwiązałeś tego quizu